Famous Christians - Statistics

General Stats
  • This quiz has been taken 47 times
  • The average score is 8 of 16
Answer Stats
Picture Answer % Correct
Kanye West
83%
Isaac Newton
78%
Justin Bieber
74%
Hulk Hogan
67%
Benedict XVI
63%
Bono
57%
Mel Gibson
54%
Caitlyn Jenner
50%
Desmond Tutu
50%
Florence Nightingale
43%
Reba McEntire
39%
Carrie Underwood
35%
Gary Busey
30%
Rupert Murdoch
20%
George Washington Carver
15%
Kate Upton
7%
No matching quizzes found
Score Distribution
Percent of People with Each Score
Percentile by Number Answered
Your Score History
You have not taken this quiz